000 00630nam a2200229Ia 4500
003 BUBTL
008 151213s9999 xx 000 0 und d
041 _aEnglish
082 _a340.5/ J559j/ 2009
100 _aJhabvala, Norshirvan H.
_95704
245 _aThe Elements of Jurisprudence/
_cNorshirvan H. Jhabvala
250 _a24th
260 _aMumbai India
_bC. Jamnadas & Co.
_cc2009
300 _a220p. :
_bill. ; 22 cm.
526 _aLaw
650 _aLaw
650 _a
700 _aNorshirvan H. Jhabvala
_95705
856 _k0
_l0
_yDownload
942 _2ddc
_cBK
999 _c2438
_d2438